Quizzes
Events
Quiz Creation
Community
Videos
Private Events
Remove Ads
Sign In
Join for FREE
Feedback
Dark Mode
Quiz Categories
Sports
Geography
Music
Movies
Television
Just For Fun
Miscellaneous
History
Literature
Language
Science
Gaming
Entertainment
Religion
Holiday
For Kids
Quiz Lab
Recent
Popular Today
Quiz Kudos Today
Editor Picks
Curator Picks
Quizzes by...
Day
Popularity
Type
Ratings
Length
Year
Community
Subscriptions
Recent Discussions
Orange Saloon
Badges
Playlists
Quests
Create
Leaderboards
Showdown
Live 5
Trivia Bingo
Activity
Puzzle Library
Sporcle Events
Private Events
Virtual Trivia
Globe League
Become a Host
Pub Owners
SporcleCon
Opinionation
Our Games
Videos
Blog
Mobile Apps
Partnerships
Remove Ads and Go Orange
Feedback
Television
TV Characters
TV Show
Sitcom
Network
Friends
Reality Shows
Cast
South Park
Star Trek
The Simpsons
Doctor Who
Television
TV Characters
TV Show
Sitcom
Network
Friends
Reality Shows
Cast
South Park
Star Trek
The Simpsons
Doctor Who
Random Quiz
Search Sporcle
×
Quiz Lab
Quiz Lab
Television
Actor
Type in answers that appear in a list
Type in answers that appear in a list
Classic
Best Score? Go Orange.
Will & Grace Trivia Stats
Can you name the Will & Grace Trivia?
By
jat91390
10m
50 Questions
1,978 Plays
1,978 Plays
1,978 Plays
Comments
Comments
Give Quiz Kudos
Give Quiz Kudos
-
- Ratings
hide this ad
Replay
Link that replays current quiz
Next Quiz
Link to next quiz in quiz playlist
You Got
0%
They Got
Avg Score
57%
Avg Friend Score
Upgrade to see
Score Distribution
Jump to the score distribution portion of the page
Score
0/50
Timer
10:00
0
Plays Today
Hint
Answer
% Correct
Will's Full Name
William Truman
96.1%
Grace's Full Name
Grace Adler
94%
Karen's Full Name
Karen Walker
93.3%
Grace's Occupation
Designer
92.9%
City where 'Will & Grace' takes place
NYC
92.3%
US State where Grace's family lives
New York
92.3%
Will's Occupation
Lawyer
92.1%
Karen's Maid
Rosario
91.2%
Karen's Husband
Stan
89.1%
Grace's Husband at the end of final season
Leo
82.9%
Jack's Full Name
Jack McFarland
81.5%
Jack's Idol
Cher
80.2%
Performs at Karen's wedding in Las Vegas
Jennifer Lopez
75.7%
Clothing store where Jack works
Banana Republic
73.9%
Jack's Son
Elliot
72.3%
Network on which 'Will & Grace' aired
NBC
70.6%
Grace's Company Name
Grace Adler Designs
67.9%
Jack stalks this actor and becomes his personal assistant
Kevin Bacon
67.6%
Karen's sexual orientation
Bisexual
66.9%
Holiday when Jack comes out to his mother
Thanksgiving
65.3%
Karen's Stepson
Mason
64.6%
Karen's 'Pint-
size' Archenemy
Beverly Leslie
64.6%
Will's Husband at the end of final season
Vince
64.2%
Jack briefly becomes this singer's back-
up dancer
Janet Jackson
58.1%
Will waits in line to see this performer
Barry Manilow
56%
Hint
Answer
% Correct
Grace's Mother
Bobbi
49.8%
Karen's Alias
Anastasia Beaverhausen
48.4%
US State where Will's family lives
Connecticut
48.1%
Karen's Stepdaughter
Olivia
47.5%
Jack's Pet Parrot
Guapo
47.3%
Where Grace's Husband goes with Doctors Without Borders
Cambodia
46.9%
Jack's Acting Coach
Zandra
44.9%
Grace's neighbor who dates her briefly
Nathan
44.7%
Psychotic Neighbor of Will and Grace
Val
44.4%
University where Will & Grace met
Columbia
42.8%
Karen's Husband's Mistress
Lorraine
42.3%
Borough of NYC where Jack's family lives
Queens
42%
Will's two friends who are married
Joe and Larry
39%
Will's Father
George
34.3%
Will's Father's Mistress
Tina
33.8%
Will's Mother
Marilyn
32.2%
Jack has a one-
liner in this actor's Off-
Broadway show
James Earl Jones
32.2%
Will's Apartment number
9C
31.3%
Jack attempts to cut this actress's hair
Patti Lupone
30.6%
Sports Announcer who briefly dates Will
Matt
28.4%
The only woman with whom Will has slept
Diane
26.5%
Number of Seasons of 'Will & Grace'
8
22.5%
Karen's Estranged Mother
Lois
21.4%
Tennis Star that Karen almost married
Martina Navratilova
17.3%
College where Karen went to school
Sarah Lawrence
17%
Quiz Playlist
Details
Report
Send in Message
Add To Playlist
Classic:
Type in answers that appear in a list
Last Updated: Feb 16, 2017
Quiz Scoreboard
CHALLENGE
Sign Up to Join the Scoreboard
Show All
Scores
Hide
Comments
May contain spoilers
Recently Published
College Basketball Coaching Resumes
by pancakes188
Sports
9m
Billboard Blitz: Fleetwood Mac
by CooCooCachoo
Music
15s
Presidents Visiting Landmarks
by Hejman
History
7m
More to Explore
Quiz From the Vault
Featured Blog Post
Where Did the Easter Bunny Come From?
hide this ad
You Might Also Like...
Tags
Actor Quiz
grace
Will and Grace
Today's Top Quizzes in Television
Browse Television
hide this ad
Today's Top Quizzes in Actor
Browse Actor
Top Contributed Quizzes in Television
1
5-to-1: The Simpsons Families
2
5-to-1: Television Doctors
3
7-to-1: TV Show Settings
4
5-to-1: Streaming Originals
5
One Piece Logic Puzzle
6
Survivor Seasons
7
Survivor Logic Puzzle: Heroes vs. Villains
8
All US Survivor Seasons in Order
9
TV Shows by First Names
10
Survivor Season by Logo
Explore More
Trending Topics
Marvel
NBA
Kpop
Crossword
Anime
Harry Potter
Disney
Song
Puzzle
Soccer
WWE
Country
NFL
Pokémon
The Office
hide this ad
More By:
jat91390
Quiz
Plays
Rating
Category
Featured
Created
The 'West' Game
61,154
4.46
Miscellaneous
Oct 17, 2009
World Jewish Population
3,010
4.00
Geography
Nov 14, 2009
Will & Grace Trivia
1,978
3.17
Television
Oct 9, 2009
Color Game: White
1,376
2.94
Miscellaneous
Nov 27, 2009
Jewish Celebrities
822
2.60
Entertainment
Nov 14, 2009
Go to Creator's Profile
Score Distribution
Quiz Creator Spotlight
jat91390
Follow
Send a Message
Quizzes Created
-
Created Quiz Play Count
-
More By This Creator
Popular Quizzes Today
1
Find the US States - No Outlines Minefield
2
Find the Countries of Europe - No Outlines Minefield
3
The Countries of the World
4
Find the US States
5
Risky Map Clicking: Biggest States A-Z
6
US States
7
Popular People in 1961
8
Movies - When Are They Set?
More Television Quizzes
JoJo Part 2 Start to Finish
Quiz Lab
Trending Quizzes
Risky Map Clicking: Least Populous States A-Z
1-10 Letter G Words
1-10 Letter F Words
Risky Map Clicking: Next State Alphabetically
Risky Map Clicking: Biggest States A-Z
Recently Updated
Leaping Animals
pecheneg
Reality TV Shows (A-Z)
bhenderson79
Rickey Henderson's Hall of Fame Teammates
pecheneg
Champions League XIs: Arsenal
pecheneg
Quick Pick: Celebrities in WWE's Hall of Fame
aduchscher
A-Z Keypad Blitz II
pecheneg
Multiple Oscar Actors
pecheneg
Mystery Phrase Blitz: Oscar 'Best Actors'
pecheneg
F. Scott Fitzgerald Novels
LTH
Pick 3 Villains
ddd62291
Trending Topics
Harry Potter
Disney
Kpop
Crossword
NBA
Marvel
Anime
Soccer
The Office
NFL
Pokémon
Puzzle
Song
WWE
Country
Your Account Isn't Verified!
In order to create a playlist on Sporcle, you need to verify the email address you used during registration. Go to your
Sporcle Settings
to finish the process.
Report this User
Report this user for behavior that violates our
Community Guidelines
.
Details:
Send Report
Go to the Sporcle.com Mobile Site →
Comments